Pyramide de mots n°12 - Statistiques

Statistiques générales
  • Ce quiz a été pris 467 fois
  • Le résultat moyen est 5 sur 5
Statistiques - réponses
Lettres Indices Mots % Correct
U,P Symbole du Plutonium Pu
100%
Outil de détective Loupe
93%
Il fait son pluriel en X Pou
93%
Volaille souvent rôtie Poulet
92%
Canidé sauvage Loup
91%
Aucun quiz correspondant
Distribution des résultats
% des personnes avec chaque résultat
Percentile par nombre de réponses
Votre historique - résultats
Vous n’avez pas pris ce quiz